Language Quiz

Random Language or French Quiz

Conjugate It! Savoir Quiz Stats

 Plays Quiz not verified by Sporcle

Score 0/8 Timer 01:00
0 Plays Today
Subject Finite Verb Conjugation % Correct
????
100%
????
97.2%
????
93.9%
????
89.5%
????
86.2%
????
82.2%
????
58.6%
????
52.3%

You're not logged in!

Compare scores with friends on all Sporcle quizzes.
OR
Log In

Show Comments

Extras

Top Quizzes Today


Score Distribution

Your Account Isn't Verified!

In order to create a playlist on Sporcle, you need to verify the email address you used during registration. Go to your Sporcle Settings to finish the process.

Report this User

Report this user for behavior that violates our Community Guidelines.

Details: